Top 10 du ballon d'or 1998 - Statistiques

Statistiques générales
  • Ce quiz a été pris 137 fois
  • Le résultat moyen est 5 sur 10
Statistiques - réponses
Points Joueurs Clubs % Correct
244 Zinedine Zidane Juve
100%
66 Ronaldo Inter
93%
45 Rivaldo Barca
64%
36 Lilian Thuram Parme
59%
51 Michael Owen Liverpool
55%
43 Gabriel Batistuta Fiorentina
45%
28 Dennis Bergkamp Arsenal
39%
68 Davor Suker Real
34%
19 Marcel Desailly Milan/ Chelsea
34%
28 Edgar Davids Milan/ Juve
5%
Aucun quiz correspondant
Distribution des résultats
% des personnes avec chaque résultat
Percentile par nombre de réponses
Votre historique - résultats
Vous n’avez pas pris ce quiz